आकाश घरती को खटखटाता है (Record no. 309060)
[ view plain ]
| 000 -LEADER | |
|---|---|
| fixed length control field | 00631 a2200181 4500 |
| 008 - FIXED-LENGTH DATA ELEMENTS--GENERAL INFORMATION | |
| fixed length control field | 240423b |||||||| |||| 00| 0 eng |
| 020 ## - ISBN | |
| International Standard Book Number | 9788119159123 |
| 040 ## - CATALOGING SOURCE | |
| Original cataloging agency | VIVEKANANDA LIBRARY |
| 082 ## - DDC NUMBER | |
| Classification number | 891.431721 |
| Book Number | SV92A:TA |
| 100 ## - MAIN ENTRY--PERSONAL NAME | |
| Personal name | शुक्ल, विनोद कुमार |
| 110 ## - MAIN ENTRY--CORPORATE NAME | |
| Corporate name | त्रिपाठी, अरविन्द, सम्पा |
| 245 ## - TITLE STATEMENT | |
| Title | आकाश घरती को खटखटाता है |
| 260 ## - PUBLICATION, DISTRIBUTION, ETC. (IMPRINT) | |
| Name of publisher, distributor, etc | राजकमल प्रकाशन |
| Date of publication, distribution, etc | 2023 |
| 300 ## - PHYSICAL DESCRIPTION | |
| Pages | 222 |
| 650 ## - Subject | |
| Subject | हिन्दी साहित्य |
| 651 ## - SUBJECT ADDED ENTRY--GEOGRAPHIC NAME | |
| Geographic name | कविता संग्रह |
| 942 ## - ADDED ENTRY ELEMENTS (KOHA) | |
| Koha item type | Hindi Books |
| Withdrawn status | Lost status | Source of classification or shelving scheme | Damaged status | Not for loan | Location (home branch) | Sublocation or collection (holding branch) | Date acquired | Koha issues (times borrowed) | Koha full call number | Accession No. | Koha date last seen | Koha item type |
|---|---|---|---|---|---|---|---|---|---|---|---|---|
| Dewey Decimal Classification | VIVEKANANDA LIBRARY | VIVEKANANDA LIBRARY | 20/01/2024 | 1 | 891.431721 SV92A:TA | 408818 | 03/09/2024 | Books |
